Adivinanzas rioplatenses /
Guardado en:
| Autor Principal: | |
|---|---|
| Formato: | Libro |
| Idioma: | Spanish |
| Publicado: |
Buenos Aires :
Coni,
1911.
|
| Series: | La Plata. Universidad. Folklore argentino, 1
|
| Etiquetas: |
Agregar Etiqueta
Sin Etiquetas, Sea el primero en etiquetar este registro!
|
| LEADER | 00488nam a22001575a 4500 | ||
|---|---|---|---|
| 001 | EUN.um024924 | ||
| 003 | AR-BaUNS | ||
| 005 | 20050623122902.0 | ||
| 008 | 041125s1911####ag############000#0#spa#d | ||
| 245 | 1 | 0 | |a Adivinanzas rioplatenses / |c Robert Lehmann-Nitsche. |
| 260 | |a Buenos Aires : |b Coni, |c 1911. | ||
| 300 | |a 480 p. | ||
| 490 | 0 | |a La Plata. Universidad. Folklore argentino, 1 | |
| 100 | 1 | |a Lehmann-Nitsche, Robert. | |
| 082 | 0 | 4 | |a 398.6 |
| 859 | |a Ar-BaUNS |b BIB. CENTRAL - Sector C |h 398.6 |i L315 |p 66291/973 | ||
